[Event "AUTO-ADV-4916"]
[Site "http://www.queenalice.com/game.php?id=1868701"]
[Date "2026.1.31"]
[Round "1"]
[White "Capixaba789"]
[Black "Daniel1962"]
[Result "1-0"]
[WhiteElo "1966"]
[BlackElo "1739"]

1. d4 d5 2. Nc3 e6 3. f4 Bd6 4. Nf3 Nc6 5. e3 Nf6 6. Bd3 Ne4 7. Nxe4 dxe4 8.
Bxe4 Ne7 9. O-O f5 10. Bd3 c5 11. Bd2 cxd4 12. Nxd4 Nd5 13. c4 Nb4 14. Bc3 Nxd3
15. Qxd3 Qe7 16. Rad1 Bc5 17. a3 g5 18. Nxe6 Bxe6 19. Bxh8 g4 20. b4 Rd8 21.
Qxd8+ Qxd8 22. Rxd8+ Kxd8 23. bxc5 Bxc4 24. Rd1+ Kc7 25. Rd6 h5 26. Rf6 Bd3 27.
Rh6 b5 28. Bd4 a5 29. Rxh5 Kc6 30. h4 gxh3 31. Rh6+ Kc7 32. gxh3 b4 33. axb4
axb4 34. Rb6 Be4 35. Rxb4 Bc6 36. h4 Be8 37. Rb6 Kd7 38. Rh6 Ke7 39. Rh8 Bf7 40.
Kh2 Ke6 41. Rh6+ Kd5 42. Rf6 Be6 43. Rxe6 Kxe6 44. Kh3 1-0

[Event "AUTO-ADV-4916"]
[Site "http://www.queenalice.com/game.php?id=1868702"]
[Date "2026.1.31"]
[Round "1"]
[White "Daniel1962"]
[Black "Capixaba789"]
[Result "0-1"]
[WhiteElo "1784"]
[BlackElo "1988"]

1. e4 e5 2. Nf3 d6 3. Nc3 Nf6 4. Bc4 Be7 5. Ng5 O-O 6. h4 c6 7. d3 a5 8. Be3 b5
9. Bxf7+ Rxf7 10. Nxf7 Kxf7 11. Qf3 Kg8 12. Bg5 Qf8 13. Ne2 Be6 14. Bxf6 Bxf6
15. g4 Nd7 16. g5 Be7 17. Qxf8+ Bxf8 18. h5 Nc5 19. a3 a4 20. f4 exf4 21. Nxf4
Bd7 22. h6 g6 23. O-O-O Be7 24. d4 Nxe4 25. Rde1 Bf5 26. Ne6 d5 27. Ng7 Bxg5+
28. Kb1 Nd2+ 29. Ka2 Bxc2 30. Rh2 Bb3+ 31. Ka1 Nf3 32. Re6 Nxh2 33. Rxc6 Bxh6
34. Ne6 Re8 35. Kb1 Nf3 36. Rd6 Nxd4 0-1

[Event "AUTO-ADV-4916"]
[Site "http://www.queenalice.com/game.php?id=1868715"]
[Date "2026.1.31"]
[Round "1"]
[White "Carlos19"]
[Black "Daniel1962"]
[Result "0-1"]
[WhiteElo "1761"]
[BlackElo "1775"]

1. e4 e5 2. Nf3 d6 3. Bc4 Bg4 4. h3 Bxf3 5. Qxf3 Nf6 6. d3 Nc6 7. Nc3 Nd4 8. Qd1
c6 9. O-O b5 10. Bb3 Nxb3 11. cxb3 d5 12. Bg5 dxe4 13. dxe4 Be7 14. Qxd8+ Bxd8
15. a4 h6 16. Bxf6 Bxf6 17. axb5 cxb5 18. Nxb5 O-O 19. Nc7 Rab8 20. Ra3 Rfc8 21.
Nd5 Bg5 22. b4 Rc2 23. Rxa7 Rxb2 24. Re7 Bxe7 25. Nxe7+ Kh7 26. Nd5 Re2 27. f3
Ra8 28. Nc3 Rc2 29. Nd5 Raa2 30. Ne3 Rcb2 31. g4 Re2 0-1

[Event "AUTO-ADV-4916"]
[Site "http://www.queenalice.com/game.php?id=1868716"]
[Date "2026.1.31"]
[Round "1"]
[White "Daniel1962"]
[Black "Carlos19"]
[Result "0-1"]
[WhiteElo "1776"]
[BlackElo "1752"]

1. e4 e5 2. Bc4 h6 3. Qh5 Qf6 4. Nc3 g6 5. Bxf7+ Kxf7 6. Qe2 Bb4 7. Qc4+ Kg7 8.
Qxb4 Nc6 9. Qc5 d6 10. Qe3 Nd4 11. Nd5 Qd8 12. Qc3 c5 13. Nf3 Nxf3+ 14. Qxf3 h5
15. d3 Bg4 16. Qe3 Ne7 17. Nxe7 Qxe7 18. f3 Be6 19. h4 b5 20. b3 c4 21. dxc4
bxc4 22. bxc4 Bxc4 23. Qc3 Rhc8 24. Qd2 Kf6 25. Qg5+ Kf7 26. Qe3 a5 27. f4 a4
28. fxe5 Qxe5 29. c3 Bb5 30. Qf2+ Kg7 31. Rb1 Rxc3 32. Bb2 Qxe4+ 33. Kd2 Qc2+
34. Ke1 Qxb1+ 35. Kd2 Qxb2+ 36. Ke1 Rc1# 0-1

[Event "AUTO-ADV-4916"]
[Site "http://www.queenalice.com/game.php?id=1868723"]
[Date "2026.1.31"]
[Round "1"]
[White "Castling"]
[Black "Daniel1962"]
[Result "1-0"]
[WhiteElo "1776"]
[BlackElo "1727"]

1. e4 e6 2. d4 c6 3. Nc3 Bb4 4. Bd2 Nf6 5. h3 Bxc3 6. Bxc3 Nxe4 7. Ne2 Qf6 8. f3
Nxc3 9. Nxc3 Qh4+ 10. Kd2 Qxd4+ 11. Bd3 c5 12. Qg1 Qb4 13. Rb1 d5 14. a3 Qa5 15.
b4 cxb4 16. axb4 Qc7 17. Qd4 f6 18. b5 Qg3 19. Qg1 b6 20. Re1 Bd7 21. Nxd5 Qg5+
22. f4 Qxd5 23. Kc1 O-O 24. Be4 Qxb5 25. Bxa8 Na6 26. Be4 Nb4 27. Qf2 Rc8 28.
Re2 Na2+ 29. Kd2 Qb4+ 30. Ke3 Rc3+ 31. Bd3 Bb5 32. Rd1 Qc5+ 33. Kd2 Qxf2 34.
Rxf2 Bxd3 35. cxd3 Rc8 36. Ra1 Nb4 37. Rxa7 Rd8 38. Rf3 Nc6 39. Ra4 b5 40. Ra6
Nd4 41. Re3 b4 42. Rb6 e5 43. fxe5 fxe5 44. Rxe5 b3 45. Re1 g5 46. Re7 Rf8 47.
g4 Rf2+ 48. Kc1 Rh2 49. Rb8# 1-0

[Event "AUTO-ADV-4916"]
[Site "http://www.queenalice.com/game.php?id=1868724"]
[Date "2026.1.31"]
[Round "1"]
[White "Daniel1962"]
[Black "Castling"]
[Result "1-0"]
[WhiteElo "1748"]
[BlackElo "1780"]

1. d4 d5 2. Bf4 Nc6 3. c3 Nf6 4. Nf3 h6 5. Na3 a6 6. Ne5 Bd7 7. Nxc6 Bxc6 8. e3
e6 9. Qb3 Qd7 10. Bd3 Bd6 11. Bxd6 Qxd6 12. c4 O-O 13. c5 Qd7 14. Qd1 Ne4 15.
Bxe4 dxe4 16. Nc4 Bb5 17. Na5 b6 18. cxb6 cxb6 19. Nb3 Rac8 20. a4 Bc4 21. Nd2
Bd3 22. f4 exf3 23. Nxf3 Bc2 24. Qe2 Bxa4 25. Qxa6 b5 26. Ne5 Qd5 27. O-O Ra8
28. Qb6 f6 29. Ng6 Rfb8 30. Ne7+ Kf7 31. Nxd5 Rxb6 32. Nxb6 Ra6 33. Nxa4 Rxa4
34. Rxa4 bxa4 35. Ra1 1-0

[Event "AUTO-ADV-4897"]
[Site "http://www.queenalice.com/game.php?id=1869119"]
[Date "2026.2.11"]
[Round "2"]
[White "Capixabba789"]
[Black "Daniel1962"]
[Result "1-0"]
[WhiteElo "1884"]
[BlackElo "1750"]

1. d4 d5 2. e3 e6 3. Bd3 Be7 4. Nc3 Nc6 5. Nf3 Nf6 6. O-O Ng4 7. e4 dxe4 8. Nxe4
f5 9. Nc5 Bxc5 10. dxc5 b6 11. cxb6 cxb6 12. Bg5 Qd6 13. h3 Nge5 14. Nxe5 Nxe5
15. Bb5+ Bd7 16. Qxd6 1-0

[Event "AUTO-ADV-4897"]
[Site "http://www.queenalice.com/game.php?id=1869120"]
[Date "2026.2.11"]
[Round "2"]
[White "Daniel1962"]
[Black "Capixabba789"]
[Result "1-0"]
[WhiteElo "1732"]
[BlackElo "1889"]

1. d4 f5 2. f4 Nf6 3. Nc3 e6 4. Nf3 Be7 5. e3 O-O 6. Ne5 Nc6 7. Nxc6 bxc6 8. h3
a5 9. Bc4 Ba6 10. Bxa6 Rxa6 11. g4 Ne4 12. Nxe4 fxe4 13. g5 d5 14. h4 c5 15. c3
cxd4 16. cxd4 c5 17. h5 c4 18. h6 g6 19. Qa4 Ra8 20. Qc6 Bd6 21. Qb7 Rb8 22.
Qg7# 1-0

[Event "AUTO-ADV-4919"]
[Site "http://www.queenalice.com/game.php?id=1869306"]
[Date "2026.2.15"]
[Round "1"]
[White "Daniel1962"]
[Black "Capixabba789"]
[Result "0-1"]
[WhiteElo "1740"]
[BlackElo "1812"]

1. b3 e5 2. Bb2 e4 3. e3 d5 4. Nc3 Nf6 5. h3 Be7 6. Nge2 Be6 7. Nf4 c5 8. Nxe6
fxe6 9. Na4 O-O 10. Be2 Nc6 11. Bg4 Nxg4 12. Qxg4 e5 13. Qe6+ Kh8 14. Bxe5 Nxe5
15. Qxe5 Bf6 16. Qg3 Bxa1 17. Nxc5 Qe7 18. b4 Bf6 19. a4 b6 20. Na6 Bh4 21. Qc7
Bxf2+ 22. Ke2 Qh4 23. b5 Bg3 24. Qc6 Rf2+ 25. Kd1 Qh5+ 26. Kc1 Raf8 27. Kb2 Rxd2
28. Nc7 Qe2 29. Nxd5 Be5+ 30. Kb3 Qxg2 31. Rc1 Qxh3 32. Qb7 Bd4 33. Kc4 Bc5 34.
Rg1 Rxc2+ 35. Kb3 Rg2 36. Rxg2 Qxg2 37. Nc3 h6 38. Nxe4 Bxe3 39. Qe7 Qf3 40. Qe6
Bg5+ 41. Kb4 Rf4 42. Qe8+ Kh7 43. Kc4 Qxe4+ 44. Qxe4+ Rxe4+ 45. Kd5 Re7 0-1

[Event "AUTO-ADV-4919"]
[Site "http://www.queenalice.com/game.php?id=1869307"]
[Date "2026.2.15"]
[Round "1"]
[White "Capixabba789"]
[Black "Daniel1962"]
[Result "1-0"]
[WhiteElo "1798"]
[BlackElo "1754"]

1. d4 b5 2. e4 e6 3. Bxb5 c6 4. Bd3 Ba6 5. f4 Bxd3 6. cxd3 Qb6 7. Nf3 d5 8. exd5
cxd5 9. O-O Nf6 10. Nc3 Nc6 11. a4 a5 12. Kh1 Nxd4 13. Nxd4 Qxd4 14. f5 exf5 15.
Rxf5 Bb4 16. Bg5 Nd7 17. Rxd5 Qa7 18. Nb5 Qb7 19. Qe2+ Kf8 20. Qf3 f6 21. Rf1 h6
22. Bxf6 gxf6 23. Rc1 Ra6 24. h3 Ne5 25. Rd8+ Kf7 26. Qxb7+ Be7 27. Rxh8 Re6 28.
Rxh6 Nxd3 29. Rh7+ Kg6 30. Rxe7 Rxe7 31. Qxe7 Nxc1 32. Qe4+ Kg7 33. Qc2 Na2 34.
Qc7+ Kg6 35. Qxa5 Nc1 36. b4 Nd3 37. Nc7 f5 38. b5 Kg5 39. b6 1-0

[Event "AUTO-ADV-4921"]
[Site "http://www.queenalice.com/game.php?id=1869822"]
[Date "2026.2.26"]
[Round "1"]
[White "Capixabba789"]
[Black "Daniel1962"]
[Result "1-0"]
[WhiteElo "1831"]
[BlackElo "1734"]

1. d4 d5 2. Nc3 c6 3. e4 dxe4 4. Nxe4 Bf5 5. Ng3 e6 6. Nxf5 exf5 7. Nf3 Nf6 8.
Bd3 g6 9. O-O Bd6 10. Ne5 Bxe5 11. dxe5 Nd5 12. f4 Nd7 13. Qf3 Qb6+ 14. Kh1
O-O-O 15. Re1 Nc5 16. a4 Nxd3 17. cxd3 Nb4 18. Be3 Qa6 19. Qe2 Nxd3 20. Red1 Nb4
21. Qxa6 Nxa6 22. Bxa7 Nb4 23. Bb6 Rxd1+ 24. Rxd1 Nd5 25. g3 Nxb6 26. b3 Nd5 27.
Rb1 h5 28. b4 h4 29. Kg2 hxg3 30. hxg3 Ne3+ 31. Kf3 Nd5 32. b5 cxb5 33. axb5 b6
34. Rc1+ Kb7 35. Rc6 Rh5 36. Rd6 Nc3 37. Rd7+ Kc8 38. Rxf7 Nxb5 39. Rg7 Nd4+ 40.
Kf2 b5 41. Rxg6 Rh2+ 42. Ke3 Ne2 43. e6 Nxg3 44. Rxg3 Kc7 45. Rg5 Kd6 46. Rxf5
b4 47. Rb5 Rb2 48. f5 Ke7 49. Ke4 b3 50. Rb7+ Ke8 51. Ke5 Re2+ 52. Kf6 b2 53.
Rb8# 1-0

[Event "AUTO-ADV-4921"]
[Site "http://www.queenalice.com/game.php?id=1869823"]
[Date "2026.2.26"]
[Round "1"]
[White "Daniel1962"]
[Black "Capixabba789"]
[Result "0-1"]
[WhiteElo "1719"]
[BlackElo "1835"]

1. c4 e5 2. Nc3 f5 3. e3 Nf6 4. Bd3 Be7 5. Bxf5 O-O 6. Qc2 d6 7. Bxc8 Qxc8 8.
Nf3 c5 9. Ng5 Nc6 10. Nd5 e4 11. Nxf6+ Rxf6 12. Qxe4 Rg6 13. h4 Ne5 14. f4 Qg4
15. Qxb7 Qg3+ 16. Kd1 Rf8 17. Qxe7 Qxg2 18. Re1 Nd3 19. b3 Nxe1 20. Kxe1 Qh1+
21. Ke2 Qxh4 22. Bb2 h6 23. Ne6 Qxe7 24. Nxf8 Qxf8 25. d4 Rg2+ 26. Kd3 Rxb2 27.
dxc5 dxc5 28. Ke4 Qf6 29. Kd5 Rd2+ 30. Kxc5 Qxa1 31. a4 Qa3+ 32. Kb5 Qxb3+ 33.
Kc6 Qxa4+ 0-1

[Event "AUTO-ADV-4921"]
[Site "http://www.queenalice.com/game.php?id=1869828"]
[Date "2026.2.26"]
[Round "1"]
[White "maurice916"]
[Black "Daniel1962"]
[Result "0-1"]
[WhiteElo "1806"]
[BlackElo "1722"]

1. Nf3 b6 2. b3 Bb7 3. Bb2 Bxf3 4. exf3 Nc6 5. d4 d5 6. Bb5 Qd7 7. O-O e6 8. Nd2
Nf6 9. f4 Bd6 10. g3 Ng4 11. Nf3 O-O 12. h3 Nf6 13. Ne5 Bxe5 14. fxe5 Ne4 15.
Kg2 a6 16. Bd3 Nb4 17. Be2 Qc6 18. c4 dxc4 19. bxc4 Nc3+ 20. f3 Nxd1 21. Bxd1
Qxc4 22. Bb3 Qb5 23. Ba3 c5 24. Rad1 c4 25. Bxb4 Qxb4 26. Bc2 b5 27. Be4 Rac8
28. Rb1 Qd2+ 29. Rf2 Qxd4 30. Re2 c3 31. Rc1 Qxe5 32. Bxh7+ Kxh7 33. Rxe5 b4 34.
Rc2 Rfd8 35. Ree2 a5 36. f4 a4 37. g4 b3 38. axb3 axb3 39. Rc1 b2 40. Rb1 c2 41.
Rxc2 Rxc2+ 42. Kg3 Rd3+ 43. Kh4 f6 44. g5 fxg5+ 45. fxg5 g6 46. Rf1 Rc4+ 0-1

[Event "AUTO-ADV-4921"]
[Site "http://www.queenalice.com/game.php?id=1869829"]
[Date "2026.2.26"]
[Round "1"]
[White "Daniel1962"]
[Black "maurice916"]
[Result "1-0"]
[WhiteElo "1741"]
[BlackElo "1805"]

1. d4 d6 2. Nc3 Nf6 3. Nf3 g6 4. e4 Bg7 5. Bf4 O-O 6. e5 dxe5 7. Bxe5 Nc6 8. Bb5
Nxe5 9. dxe5 Qxd1+ 10. Rxd1 Ne8 11. h4 c6 12. Bd3 Bg4 13. Be2 e6 14. Ng5 Bxe2
15. Nxe2 Bxe5 16. c3 Ng7 17. f4 Bf6 18. Ne4 Be7 19. Rd7 Rfe8 20. Rxb7 f5 21. Ng5
Bc5 22. b4 Bb6 23. c4 e5 24. fxe5 Rxe5 25. c5 Bd8 26. Nf7 Re4 27. g3 Bf6 28. Kf2
Rae8 29. Nf4 Bd4+ 30. Kg2 Ne6 31. Nxe6 R4xe6 32. Nd6 R8e7 33. Rb8+ Kg7 34. a4
Re2+ 35. Kh3 f4 36. Rf1 fxg3 37. Kxg3 R2e3+ 38. Rf3 Rxf3+ 39. Kxf3 Bc3 40. b5
cxb5 41. axb5 Bb4 42. Ne4 h6 43. c6 Rc7 44. Rb7 Rf7+ 45. Rxf7+ Kxf7 46. c7 a5
47. bxa6 1-0